00524nam a2200193 a 4500001001300000003000900013005001700022008004100039020002300080082001700103100001600120245006600136260004200202300000900244500003500253505001000288650001600298700001600314nice12345678IN_TiNIC20260116012251.0050524s1993 loua grp 000 0 eng  a0664020 c10000a231.044bPET aPeters, Ted aGod as Trinityb Relationality and Temporality in Divine Life aLouisvillebWestminister Press c1993 a239p aincludes index and biblioraphy2 aIndex aGod-Trinity1 aPeters, Ted